| 000 | 00650nam a2200229 a 4500 | ||
|---|---|---|---|
| 001 | BRCA_7493 | ||
| 005 | 20190320205846.0 | ||
| 008 | 260413s1949----sp-a######---#000-0#spa-# | ||
| 041 | _aspa | ||
| 044 | _asp | ||
| 050 | 4 |
_aN7101 _b.G39 1949 |
|
| 100 | 1 |
_aGaya Nuño, Juan Antonio _95192 |
|
| 245 | 1 | 0 |
_aEl arte español en sus estilos y en sus formas _cJuan Antonio Gaya Nuño. |
| 260 |
_aBarcelona _bOmega _c1949 |
||
| 300 |
_a101 p. _bil., 345 láminas _c29 cm. |
||
| 500 | _aIncluye índice de ilustraciones | ||
| 500 | _aR23 | ||
| 650 | 1 | 4 |
_aArte _xHistoria _zEspaña _918416 |
| 650 | 1 | 4 |
_aArte español _92063 |
| 902 | _aGFM | ||
| 942 |
_2lcc _cB |
||
| 999 |
_c7168 _d7168 |
||